|
|
|
|
| LEADER |
00000cam a2200000 7i4500 |
| 001 |
0000003598 |
| 005 |
20070927.0 |
| 020 |
0 |
0 |
|a 9834186207
|
| 090 |
0 |
0 |
|a 332.63209595
|b NAT
|
| 245 |
1 |
0 |
|a National integrity plan
|
| 260 |
0 |
0 |
|a Kuala Lumpur :
|b Integrity Institute of Malaysia ,
|c 2004
|
| 300 |
|
|
|a ix, 157 p. :
|b ill. ;
|c 24cm.
|
| 650 |
0 |
0 |
|a Intergrity
|z Malaysia
|
| 710 |
2 |
1 |
|a Integrity Institute of Malaysia
|
| 710 |
2 |
1 |
|a Intitut Integriti Malaysia
|
| 999 |
|
|
|a 0000006269
|b Monograph
|c Open Shelf
|e Default branch
|
| 999 |
|
|
|a 0000006422
|b Monograph
|c Open Shelf
|e Default branch
|
| 999 |
|
|
|a 0000006817
|b Monograph
|c Open Shelf
|e Default branch
|